MARC

LEADER 00000nam0a2200000 4500
001 165842
005 20231031161940.0
010 |a 5020146267 
020 |a RU  |b 92-31028 
035 |a (RuTPU)RU\TPU\book\179900 
090 |a 165842 
100 |a 20090923d1992 m a0rusy5003 ca 
101 0 |a rus 
102 |a RU 
105 |a y z 001zy 
200 1 |a Корреляционные функции интегрируемых систем и квантовый метод обратной задачи  |f Н. М. Боголюбов, А. Г. Изергин, В. Е. Корепин 
210 |a Москва  |c Наука  |d 1992 
215 |a 240 с.  |c ил.  |d 22 см 
320 |a Библиогр.: с. 223-237. 
610 1 |a квантовая механика 
610 1 |a статистическая физика 
610 1 |a обратные задачи 
610 1 |a решение 
610 1 |a квантовый метод 
610 1 |a анзатц Бете 
610 1 |a корреляционные функции 
610 1 |a асимптотика 
675 |a 53:517  |z rus 
700 1 |a Боголюбов  |b Н. М.  |g Николай Михайлович  |4 070 
701 1 |a Корепин  |b В. Е.  |g Владимир Евгеньевич 
701 1 |a Изергин  |b А. Г.  |g Анатолий Георгиевич 
801 0 |a RU  |b RuMRKP  |c 19950417  |g psbo 
801 1 |a RU  |b 63413507  |c 20090923 
801 2 |a RU  |b 63413507  |c 20100422  |g RCR 
942 |c BK